| 000 | 02035nam a2200397 a 4500 | ||
|---|---|---|---|
| 001 | ebr10545707 | ||
| 003 | CaPaEBR | ||
| 006 | m u | ||
| 007 | cr cn||||||||| | ||
| 008 | 110413s2011 vau sb 001 0 eng d | ||
| 010 | _z 2011015595 | ||
| 020 | _z9781579224462 (cloth : alk. paper) | ||
| 020 | _z9781579224479 (pbk. : alk. paper) | ||
| 020 | _z9781579227111 (e-book) | ||
| 040 |
_aCaPaEBR _cCaPaEBR |
||
| 035 | _a(OCoLC)781635690 | ||
| 043 | _an-us--- | ||
| 050 | 1 | 4 |
_aZ665.2.U6 _bD58 2011eb |
| 082 | 0 | 4 |
_a378.1/98 _223 |
| 245 | 0 | 0 |
_aDiverse millennial students in college _h[electronic resource] : _bimplications for faculty and student affairs / _cedited by Fred A. Bonner, II, Aretha F. Marbley, and Mary F. Howard-Hamilton. |
| 250 | _a1st ed. | ||
| 260 |
_aSterling, Va. : _bStylus Pub., _c2011. |
||
| 300 | _axi, 297 p. | ||
| 504 | _aIncludes bibliographical references and index. | ||
| 505 | 0 | _apt. 1. Diverse millennials in college : a national perspective -- pt. 2. African American millennials in college -- pt. 3. Asian American millennials in college -- pt. 4. Latina/o millennials in college -- pt. 5. Native American millennials in college -- pt. 6. LGBTQ American millennials in college -- pt. 7. Bi- and multiracial millennials in college -- pt. 8. Voices of millennials in college : a diversity of perspectives. | |
| 533 |
_aElectronic reproduction. _bPalo Alto, Calif. : _cebrary, _d2011. _nAvailable via World Wide Web. _nAccess may be limited to ebrary affiliated libraries. |
||
| 650 | 0 |
_aLibrary users _xEffect of technological innovations on _zUnited States. |
|
| 650 | 0 |
_aLibraries and students _zUnited States. |
|
| 650 | 0 |
_aGeneration Y _xAttitudes _zUnited States. |
|
| 655 | 7 |
_aElectronic books. _2local |
|
| 700 | 1 | _aBonner, Fred A. | |
| 700 | 1 | _aMarbley, Aretha Faye. | |
| 700 | 1 | _aHoward-Hamilton, Mary F. | |
| 710 | 2 | _aebrary, Inc. | |
| 856 | 4 | 0 |
_uhttp://site.ebrary.com/lib/rucke/Doc?id=10545707 _zAn electronic book accessible through the World Wide Web; click to view |
| 999 |
_c248091 _d248091 |
||